000
00301nam a2200133Ia 4500
008
100204s9999 xx 000 0 und d
082
_b
22358
100
_a
VERNON THOMAS
245
_a
AESOP'S FABLES
260
_b
HH
_c
1991
630
_a
AESOP'S FABLES
730
_a
AESOP'S FABLES
942
_c
BOOK
999
_c
467470
_d
467467